000 00522nam a2200181 a 4500
001 1763961452772
003 YourLibrary
005 20251124104853.0
008 251124s2004##################000#0#eng##
020 _a9781581101164
082 0 4 _a616.025
_bPOO
100 1 _aPoole, Steven R.,
_eauthor.
245 1 0 _aThe Complete Guide Providing Telephone Triage and Advice in a Family Practice :
260 _c2004.
650 0 _aCommunication in medicine.
942 _cENGLISH
040 _aYourLibrary
_beng
_cYourLibrary
999 _c598561
_d598561